Central Library OPAC University of Rajshahi

On the measurement of human fertility: selected writings of Louis Henry. (Record no. 34067)

MARC details
000 -LEADER
fixed length control field 00894cam a2200277 4500
001 - CONTROL NUMBER
control field 34067
003 - CONTROL NUMBER IDENTIFIER
rucl marc code BD-RjUL
005 - DATE AND TIME OF LATEST TRANSACTION
control field 20211209052112.0
008 - FIXED-LENGTH DATA ELEMENTS--GENERAL INFORMATION
fixed length control field 140514s1972 ne bs 001 0 eng
020 ## - INTERNATIONAL STANDARD BOOK NUMBER
International Standard Book Number 0444410295
035 ## - SYSTEM CONTROL NUMBER
System control number (BD-RjUL)34161
040 ## - CATALOGING SOURCE
Original cataloging agency DLC
Transcribing agency DLC
Modifying agency DLC
-- BD-RjUL
Language of cataloging eng
041 1# - LANGUAGE CODE
Language code of text/sound track or separate title eng
Language code of original fre
082 00 - DEWEY DECIMAL CLASSIFICATION NUMBER
Classification number 301.321
Author mark and year HEO 1972
100 1# - MAIN ENTRY--PERSONAL NAME
Personal name Henry, Louis,
Dates associated with a name 1911-1991.
9 (RLIN) 103538
245 10 - TITLE STATEMENT
Title On the measurement of human fertility: selected writings of Louis Henry.
Statement of responsibility, etc. Translated and edited by Mindel C. Sheps and Evelyne Lapierre-Adamcyk.
260 ## - PUBLICATION, DISTRIBUTION, ETC. (IMPRINT)
Place of publication, distribution, etc. Amsterdam ;
-- New York :
Name of publisher, distributor, etc. Elsevier Pub. Co.,
Date of publication, distribution, etc. 1972.
300 ## - PHYSICAL DESCRIPTION
Pagination xix, 228 p. ;
Size 23 cm.
350 ## - PRICE (NR) (BK AM CF MU VM SE) [OBSOLETE]
Price $15.00 (U.S.)
500 ## - GENERAL NOTE
General note "A Population Council book."
504 ## - BIBLIOGRAPHY, ETC. NOTE
Bibliography, etc Bibliography: p. 221-222.
650 #0 - SUBJECT ADDED ENTRY--TOPICAL TERM
Topical term or geographic name as entry element Fertility, Human.
9 (RLIN) 103539
942 ## - ADDED ENTRY ELEMENTS (KOHA)
Source of classification or shelving scheme Dewey Decimal Classification
Koha item type Books
Holdings
Lost status Source of classification or shelving scheme Damaged status Not for loan Permanent Location Current Location Shelving location Date acquired Source of acquisition Cost, normal purchase price Total Checkouts Full call number Date last seen Copy number Koha item type
  Dewey Decimal Classification   Not For Loan Central Library, University of Rajshahi Central Library, University of Rajshahi Reading Room 27/09/1980 Netherland 0.00   301.321 HEO 1972 14/05/2014 C-1 Books